All Estonian cities mentioned in Redel's Tartu - Statistics

General Stats
  • This quiz has been taken 24 times
  • The average score is 8 of 14
Answer Stats
Answer % Correct
Tartu
100%
Tallinn
95%
Narva
73%
Pärnu
73%
Viljandi
68%
Võru
64%
Rapla
59%
Põlva
50%
Paide
41%
Valga
41%
Elva
32%
Otepää
27%
Antsla
18%
Räpina
18%
No matching quizzes found
Score Distribution
Percent of People with Each Score
Percentile by Number Answered
Your Score History
You have not taken this quiz